| 000 | 00580nam a22002057a 4500 | ||
|---|---|---|---|
| 005 | 20140423115830.0 | ||
| 010 | _aENG-109261 | ||
| 020 |
_a9789382532170 _c995.00 |
||
| 035 | _aEN-92794 | ||
| 037 | _bDBAD/PUB | ||
| 082 | _a355.00954 | ||
| 100 | _aSatendra Kumar | ||
| 245 |
_aWar history of Indian army / _cby Satendra Kumar |
||
| 250 | _a | ||
| 260 |
_aJaipur _bYking Books _c2013 |
||
| 270 |
_a18, Jain Bhawan, Opp. N.B.C., Shanti Nagar _bJaipur _e302006 |
||
| 300 |
_a280p. _c22cm(Hb) |
||
| 500 | _aIncludes index | ||
| 942 |
_2ddc _cEN _mSAT _h355.00954 |
||
| 999 |
_c82412 _d82412 |
||